[Event "SUI-chT"]
[Site "Switzerland"]
[Date "1994.??.??"]
[Round "2"]
[White "Kelecevic, Nedeljko"]
[Black "Trepp, Markus"]
[Result "1/2-1/2"]
[WhiteElo "2450"]
[BlackElo "2345"]
[PlyCount "112"]
[EventDate "1994.??.??"]
[EventType "team-tourn"]
[EventRounds "9"]
[EventCountry "SUI"]
[SourceTitle "EXT 2000"]
[Source "ChessBase"]
[SourceDate "1999.11.16"]
[SourceVersion "1"]
[SourceVersionDate "1999.11.16"]
[SourceQuality "1"]

1. d4 Nf6 2. c4 e6 3. Nc3 Bb4 4. Bd2 c5 5. a3 Bxc3 6. Bxc3 Ne4 7. Rc1 Qh4 8. g3 Nxc3 9. bxc3 Qe7 10. d5 d6 11. Nf3 Nd7 12. dxe6 Qxe6 13. Bg2 h6 14. 0-0 Nb6 15. Nd2 0-0 16. Re1 Bd7 17. Qb3 Rab8 18. Qa2 Qe7 19. Nf1 Be6 20. Bd5 Bxd5 21. cxd5 f5 22. c4 Nd7 23. a4 f4 24. Nd2 Ne5 25. Kg2 Qf7 26. f3 Rbe8 27. Qb3 Ng6 28. e3 fxe3 29. Rxe3 Rxe3 30. Qxe3 Re8 31. Ne4 Qd7 32. Re1 Re7 33. Qb3 Kh7 34. Qc2 Qf5 35. Re2 Qd7 36. h4 Kh8 37. Re3 Ne5 38. Nf2 Nf7 39. Rxe7 Qxe7 40. f4 Kg8 41. Qf5 Qe8 42. Qc2 h5 43. Ne4 Qd7 44. Qd1 Qf5 45. Qe2 Kf8 46. Kf2 g6 47. Qe1 Qd7 48. Qa1 Qf5 49. Ke3 Qh3 50. Qf6 Qf1 51. Qxg6 Qe1+ 52. Kd3 Qb1+ 53. Kd2 Qb2+ 54. Ke3 Qb3+ 55. Kf2 Qc2+ 56. Ke3 Qb3+ 1/2-1/2

[Event "SUI-chT"]
[Site "Switzerland"]
[Date "1993.??.??"]
[Round "?"]
[White "Trepp, Markus"]
[Black "Kamber, Bruno"]
[Result "1/2-1/2"]
[WhiteElo "2375"]
[BlackElo "2340"]
[PlyCount "51"]
[EventDate "1993.??.??"]
[EventType "team-tourn"]
[EventRounds "9"]
[EventCountry "SUI"]
[SourceTitle "TD"]
[Source "ChessBase"]
[SourceDate "1994.03.01"]
[SourceVersion "1"]
[SourceVersionDate "1994.03.01"]
[SourceQuality "1"]

1. e4 c5 2. Nf3 e6 3. d4 cxd4 4. Nxd4 Nc6 5. Nb5 Bc5 6. Bf4 e5 7. Be3 d6 8. Bxc5 dxc5 9. Qxd8+ Kxd8 10. Bc4 Ke7 11. Nc7 Rb8 12. Nc3 Nf6 13. N3d5+ Nxd5 14. Nxd5+ Kf8 15. Ne3 Ke7 16. Nd5+ Kf8 17. Ne3 Ke7 18. 0-0-0 Rd8 19. c3 Rxd1+ 20. Rxd1 Be6 21. Bd5 g6 22. f3 Bxd5 23. Nxd5+ Ke6 24. Nc7+ Ke7 25. Nd5+ Ke6 26. Nc7+ 1/2-1/2

[Event "SUI-chT"]
[Site "Switzerland"]
[Date "1991.??.??"]
[Round "?"]
[White "Huebner, Robert"]
[Black "Trepp, Markus"]
[Result "1-0"]
[WhiteElo "2620"]
[BlackElo "2375"]
[PlyCount "66"]
[EventDate "1991.??.??"]
[EventType "team-tourn"]
[EventRounds "9"]
[EventCountry "SUI"]
[SourceTitle "EXT 1998"]
[Source "ChessBase"]
[SourceDate "1997.11.17"]
[SourceVersion "1"]
[SourceVersionDate "1997.11.17"]
[SourceQuality "1"]

1. e4 c5 2. Nf3 d6 3. d4 Nf6 4. dxc5 Qa5+ 5. Bd2 Qxc5 6. Bd3 e6 7. 0-0 Be7 8. c4 b6 9. b4 Qc7 10. Nc3 Nbd7 11. Rc1 Bb7 12. Re1 0-0 13. Nd4 Rfe8 14. f4 g6 15. Nb3 a6 16. a4 Rab8 17. Qe2 Bf8 18. h3 Ba8 19. Qf2 Bg7 20. Rb1 h6 21. a5 bxa5 22. Nxa5 Nh7 23. Ne2 f5 24. exf5 exf5 25. Nd4 Qb6 26. Ne6 Qxf2+ 27. Kxf2 Ne5 28. fxe5 Rxe6 29. exd6 Rxd6 30. Bf4 Rxd3 31. Bxb8 Ng5 32. Rbd1 Ne4+ 33. Kg1 Rg3 1-0

[Event "SUI-ch"]
[Site "Arosa"]
[Date "1990.??.??"]
[Round "3"]
[White "Landenbergue, Claude"]
[Black "Trepp, Markus"]
[Result "1/2-1/2"]
[WhiteElo "2385"]
[BlackElo "2385"]
[PlyCount "83"]
[EventDate "1990.??.??"]
[EventType "tourn"]
[EventRounds "11"]
[EventCountry "SUI"]
[EventCategory "4"]
[SourceTitle "EXT 2000"]
[Source "ChessBase"]
[SourceDate "1999.11.16"]
[SourceVersion "1"]
[SourceVersionDate "1999.11.16"]
[SourceQuality "1"]

1. d4 Nf6 2. Bg5 Ne4 3. Bf4 d5 4. f3 Nf6 5. Nc3 e6 6. e4 a6 7. exd5 exd5 8. Bd3 c5 9. Qe2+ Be7 10. dxc5 0-0 11. 0-0-0 Nbd7 12. Bd6 Bxd6 13. cxd6 Nc5 14. Qe7 Qa5 15. Qe5 Nxd3+ 16. Rxd3 Re8 17. Qd4 Re1+ 18. Rd1 Rxd1+ 19. Qxd1 b5 20. Nxd5 Qxa2 21. Nxf6+ gxf6 22. d7 Qa1+ 23. Kd2 Qxd1+ 24. Kxd1 Bxd7 25. Ne2 Kf8 26. Kd2 Bc6 27. b4 a5 28. Nd4 Bd7 29. bxa5 Rxa5 30. Re1 Ra4 31. Re4 Ra1 32. Ke3 Rg1 33. Kf2 Rd1 34. Ne2 Bf5 35. Rb4 Bxc2 36. Rxb5 Kg7 37. Nf4 Rd6 38. h4 h6 39. Rb8 Bg6 40. Ra8 Rb6 41. Nd5 Rd6 42. Nf4 1/2-1/2

[Event "SUI-ch"]
[Site "Arosa"]
[Date "1990.??.??"]
[Round "6"]
[White "Summermatter, Daniel"]
[Black "Trepp, Markus"]
[Result "1/2-1/2"]
[WhiteElo "2295"]
[BlackElo "2385"]
[PlyCount "90"]
[EventDate "1990.??.??"]
[EventType "tourn"]
[EventRounds "11"]
[EventCountry "SUI"]
[EventCategory "4"]
[SourceTitle "EXT 2000"]
[Source "ChessBase"]
[SourceDate "1999.11.16"]
[SourceVersion "1"]
[SourceVersionDate "1999.11.16"]
[SourceQuality "1"]

1. Nf3 Nf6 2. d4 e6 3. g3 b6 4. Bg2 Bb7 5. 0-0 Be7 6. c4 0-0 7. Nc3 d5 8. Ne5 Na6 9. cxd5 exd5 10. Nd3 Ne4 11. Nf4 Bf6 12. Nfxd5 Nxc3 13. Nxf6+ Qxf6 14. bxc3 Bxg2 15. Kxg2 Qc6+ 16. Kg1 Qxc3 17. Rb1 Qc4 18. Be3 c5 19. dxc5 Nxc5 20. Rb2 Rac8 21. Rc2 Qa4 22. Qb1 Ne6 23. Rfc1 Rxc2 24. Qxc2 Qxc2 25. Rxc2 Rd8 26. Rd2 Rxd2 27. Bxd2 Nd4 28. Kf1 f5 29. Bc3 Nc6 30. e4 fxe4 31. Ke2 Kf7 32. Ke3 g6 33. Kxe4 Ke6 34. g4 a5 35. f4 b5 36. f5+ gxf5+ 37. gxf5+ Kd6 38. Bg7 b4 39. Bf8+ Kd7 40. Kd5 a4 41. Bc5 b3 42. axb3 axb3 43. Ba3 Nb4+ 44. Ke5 Nc2 45. Bb2 Ke7 1/2-1/2

[Event "SUI-ch"]
[Site "Arosa"]
[Date "1990.??.??"]
[Round "?"]
[White "Trepp, Markus"]
[Black "Kaenel, Hansjuerg"]
[Result "0-1"]
[WhiteElo "2385"]
[BlackElo "2320"]
[PlyCount "118"]
[EventDate "1990.??.??"]
[EventType "tourn"]
[EventRounds "11"]
[EventCountry "SUI"]
[EventCategory "4"]
[SourceTitle "EXT 2000"]
[Source "ChessBase"]
[SourceDate "1999.11.16"]
[SourceVersion "1"]
[SourceVersionDate "1999.11.16"]
[SourceQuality "1"]

1. e4 c5 2. Nf3 e6 3. d4 cxd4 4. Nxd4 Nc6 5. Nb5 d6 6. Bf4 e5 7. Be3 Nf6 8. Bg5 Be6 9. Bxf6 gxf6 10. Nd2 d5 11. exd5 Bxd5 12. Nc4 Be6 13. Qf3 Nb4 14. Ne3 Bc5 15. Na3 Nc6 16. Nac4 Qe7 17. Bd3 Nd4 18. Qe4 0-0-0 19. 0-0-0 Qc7 20. c3 Nb5 21. Be2 Nd6 22. Nxd6+ Rxd6 23. Rxd6 Qxd6 24. Rd1 Qc6 25. Bf3 Qxe4 26. Bxe4 Bxa2 27. Nd5 Bxf2 28. Rf1 Bxd5 29. Bxd5 Bh4 30. g3 Bg5+ 31. Kc2 Rd8 32. c4 Rd6 33. Kc3 Kd7 34. h4 Bh6 35. Rf5 Bg7 36. b3 Ke7 37. Kc2 b5 38. Rf1 bxc4 39. bxc4 Bh6 40. g4 Be3 41. Kd3 Bc5 42. Rf5 a5 43. g5 a4 44. gxf6+ Rxf6 45. Rxe5+ Kd6 46. Re8 a3 47. Ra8 Rf2 48. Kc3 f5 49. Ra6+ Ke5 50. Ra5 Kd6 51. Ra6+ Ke5 52. Ra5 a2 53. Kb3 Rh2 54. Bg8 Kd4 55. Bxh7 f4 56. Bg6 f3 57. Bh5 f2 58. Be2 Rh1 59. Rxa2 Re1 0-1

[Event "SUI-ch int+"]
[Site "Switzerland"]
[Date "1989.??.??"]
[Round "5"]
[White "Trepp, Markus"]
[Black "Brunner, Lucas"]
[Result "0-1"]
[WhiteElo "2375"]
[BlackElo "2505"]
[PlyCount "66"]
[EventDate "1989.??.??"]
[EventType "swiss"]
[EventRounds "5"]
[EventCountry "SUI"]
[SourceTitle "EXT 1997"]
[Source "ChessBase"]
[SourceDate "1996.11.15"]
[SourceVersion "1"]
[SourceVersionDate "1996.11.15"]
[SourceQuality "1"]

1. e4 e5 2. Nf3 Nc6 3. Bb5 Nf6 4. d3 d6 5. c4 g6 6. Nc3 Bg7 7. Nd5 0-0 8. Nxf6+ Bxf6 9. Be3 Bg7 10. c5 f5 11. Qc2 Nd4 12. Nxd4 f4 13. Bd2 exd4 14. c6 Qg5 15. Qb3+ Kh8 16. g3 Be5 17. 0-0-0 Rb8 18. Qd5 bxc6 19. Bxc6 Qf6 20. gxf4 Bxf4 21. Bxf4 Qxf4+ 22. Rd2 Qf6 23. Rg1 Be6 24. Qa5 Rb6 25. Ba4 Bxa2 26. Qxa7 Qf4 27. Bc2 Be6 28. Re1 Rfb8 29. Qxc7 Rxb2 30. e5 Rc8 31. exd6 Rxc7 32. dxc7 Rxc2+ 33. Kxc2 Qxc7+ 0-1

[Event "SUI-ch int+"]
[Site "Switzerland"]
[Date "1989.??.??"]
[Round "4"]
[White "Zueger, Beat"]
[Black "Trepp, Markus"]
[Result "1/2-1/2"]
[WhiteElo "2435"]
[BlackElo "2375"]
[PlyCount "54"]
[EventDate "1989.??.??"]
[EventType "swiss"]
[EventRounds "5"]
[EventCountry "SUI"]
[SourceTitle "EXT 1997"]
[Source "ChessBase"]
[SourceDate "1996.11.15"]
[SourceVersion "1"]
[SourceVersionDate "1996.11.15"]
[SourceQuality "1"]

1. d4 Nf6 2. c4 e6 3. Nf3 Bb4+ 4. Bd2 Qe7 5. g3 Nc6 6. Nc3 Bxc3 7. Bxc3 Ne4 8. Rc1 d6 9. d5 Nxc3 10. Rxc3 Nb8 11. Bg2 0-0 12. 0-0 e5 13. Nd2 Bg4 14. h3 Bh5 15. c5 dxc5 16. Ne4 Nd7 17. d6 Qd8 18. b4 cxd6 19. Nxd6 cxb4 20. Nxb7 Qb6 21. Re3 Nf6 22. Rxe5 Rae8 23. Rxe8 Rxe8 24. Re1 h6 25. Qc2 Qb5 26. Nd6 b3 27. Qc3 Qe5 1/2-1/2

[Event "SUI-ch"]
[Site "Switzerland"]
[Date "1988.??.??"]
[Round "?"]
[White "Preissmann, Emmanuel"]
[Black "Trepp, Markus"]
[Result "1/2-1/2"]
[WhiteElo "2330"]
[BlackElo "2385"]
[PlyCount "38"]
[EventDate "1988.??.??"]
[EventType "tourn"]
[EventRounds "11"]
[EventCountry "SUI"]
[EventCategory "5"]
[SourceTitle "CBM 010"]
[Source "ChessBase"]
[SourceDate "1989.06.01"]
[SourceVersion "1"]
[SourceVersionDate "1989.06.01"]
[SourceQuality "1"]

1. d4 Nf6 2. c4 e6 3. Nc3 Bb4 4. e3 0-0 5. Nge2 d5 6. a3 Be7 7. cxd5 exd5 8. b4 c6 9. Ng3 b5 10. Bd2 a5 11. Rb1 axb4 12. axb4 Re8 13. Bd3 Nbd7 14. 0-0 Nb6 15. Re1 Be6 16. Qc2 h6 17. Nge2 Bf8 18. Nf4 Bd6 19. Nce2 Bd7 1/2-1/2

[Event "SUI-chT"]
[Site "Switzerland"]
[Date "1988.??.??"]
[Round "?"]
[White "Trepp, Markus"]
[Black "Franco Ocampos, Zenon"]
[Result "0-1"]
[WhiteElo "2385"]
[BlackElo "2425"]
[PlyCount "74"]
[EventDate "1988.??.??"]
[EventType "team-tourn"]
[EventRounds "9"]
[EventCountry "SUI"]
[SourceTitle "EXT 2002"]
[Source "ChessBase"]
[SourceDate "2001.11.25"]
[SourceVersion "1"]
[SourceVersionDate "2001.11.25"]
[SourceQuality "1"]

1. e4 c5 2. Nf3 Nc6 3. d4 cxd4 4. Nxd4 e6 5. Nc3 Qc7 6. g3 d6 7. Bg2 Nxd4 8. Qxd4 Bd7 9. 0-0 Nf6 10. a4 a6 11. b3 Be7 12. Bb2 0-0 13. Qd3 Rfd8 14. Qe2 Rac8 15. a5 Bc6 16. Rfd1 d5 17. exd5 exd5 18. Bh3 Rb8 19. Na4 Re8 20. Be5 Bd6 21. Bxd6 Qxd6 22. Qd2 d4 23. Nb6 Bf3 24. Re1 Ne4 25. Qd3 Ng5 26. Bg2 Qc6 27. h4 Bxg2 28. hxg5 Bh1 29. Qf1 Be4 30. Rad1 Qc3 31. Qe2 Re6 32. Na4 Qxa5 33. Qd2 Qf5 34. Qf4 Qxf4 35. gxf4 Bxc2 36. Rxe6 Bxd1 37. Rd6 Bxb3 0-1

[Event "Prague Bohemians"]
[Site "Prague"]
[Date "1987.??.??"]
[Round "?"]
[White "Schmidt, Wlodzimierz"]
[Black "Trepp, Markus"]
[Result "1/2-1/2"]
[WhiteElo "2470"]
[BlackElo "2405"]
[PlyCount "62"]
[EventDate "1987.01.??"]
[EventType "tourn"]
[EventRounds "13"]
[EventCountry "CZE"]
[EventCategory "7"]
[SourceTitle "EXT 1997"]
[Source "ChessBase"]
[SourceDate "1996.11.15"]
[SourceVersion "1"]
[SourceVersionDate "1996.11.15"]
[SourceQuality "1"]

1. d4 Nf6 2. c4 e6 3. Nf3 Bb4+ 4. Bd2 c5 5. Bxb4 cxb4 6. a3 bxa3 7. Rxa3 0-0 8. Nc3 d6 9. e3 Nc6 10. Be2 Nb4 11. Qb1 b6 12. Na2 Nxa2 13. Qxa2 a6 14. 0-0 Bb7 15. b4 Nd7 16. Nd2 Rc8 17. Bf3 Bxf3 18. Nxf3 Nb8 19. Rc1 Qe7 20. Rac3 Rc7 21. h3 Rfc8 22. Qb3 Qe8 23. Ng5 Qe7 24. Ne4 e5 25. c5 dxc5 26. dxc5 bxc5 27. Nxc5 h6 28. Ra1 Nd7 29. Rxa6 Nxc5 30. bxc5 Rxc5 31. Qa3 Qc7 1/2-1/2

[Event "Basel-Zaehringen tt"]
[Site "Basel"]
[Date "1987.??.??"]
[Round "?"]
[White "Schuh, Hubert"]
[Black "Trepp, Markus"]
[Result "1/2-1/2"]
[WhiteElo "2295"]
[BlackElo "2405"]
[PlyCount "43"]
[EventDate "1987.??.??"]
[EventType "team"]
[EventRounds "2"]
[EventCountry "SUI"]
[SourceTitle "EXT 2004"]
[Source "ChessBase"]
[SourceDate "2003.11.25"]
[SourceVersion "1"]
[SourceVersionDate "2003.11.25"]
[SourceQuality "1"]

1. d4 Nf6 2. c4 e6 3. Nf3 Bb4+ 4. Bd2 c5 5. Bxb4 cxb4 6. g3 b6 7. Bg2 Bb7 8. 0-0 0-0 9. a3 bxa3 10. Rxa3 a5 11. Re1 d6 12. d5 e5 13. b4 axb4 14. Rxa8 Bxa8 15. Qa4 Bb7 16. Qxb4 Na6 17. Qa3 Qc7 18. Nfd2 Nc5 19. Nc3 Ra8 20. Qb4 Bc8 21. Rb1 Ra6 22. h3 1/2-1/2

[Event "Banja Luka"]
[Site "Banja Luka"]
[Date "1987.??.??"]
[Round "1"]
[White "Trepp, Markus"]
[Black "Gavric, Miladin"]
[Result "1/2-1/2"]
[WhiteElo "2405"]
[BlackElo "2320"]
[PlyCount "98"]
[EventDate "1987.04.??"]
[EventType "tourn"]
[EventRounds "13"]
[EventCountry "YUG"]
[EventCategory "7"]
[SourceTitle "EXT 1997"]
[Source "ChessBase"]
[SourceDate "1996.11.15"]
[SourceVersion "1"]
[SourceVersionDate "1996.11.15"]
[SourceQuality "1"]

1. e4 e6 2. d4 d5 3. Nd2 Nf6 4. e5 Nfd7 5. c3 c5 6. Bd3 Nc6 7. Ne2 cxd4 8. cxd4 f6 9. exf6 Nxf6 10. Nf3 Bd6 11. 0-0 Qc7 12. Bg5 0-0 13. Bh4 Nh5 14. Qc2 h6 15. Bh7+ Kh8 16. Bg6 Nf4 17. Nxf4 Bxf4 18. Rad1 Bd7 19. Rfe1 Qb6 20. Bg3 Rac8 21. Bxf4 Rxf4 22. Qd2 Rcf8 23. Bb1 Rxf3 24. gxf3 Qd8 25. Qd3 Rf5 26. Qe3 Rg5+ 27. Kh1 Qf6 28. Rg1 Rxg1+ 29. Kxg1 e5 30. dxe5 Nxe5 31. f4 Ng6 32. Bxg6 Qxg6+ 33. Qg3 Qe4 34. Qe3 Qg6+ 35. Qg3 Qe4 36. Qg2 Qxf4 37. Qxd5 Qg4+ 38. Kf1 Bb5+ 39. Qxb5 Qxd1+ 40. Kg2 Qg4+ 41. Kf1 Qd1+ 42. Kg2 Qg4+ 43. Kf1 Qh3+ 44. Kg1 Qg4+ 45. Kf1 Qe4 46. Kg1 a6 47. Qb3 Kh7 48. f3 Qg6+ 49. Kf2 b5 1/2-1/2

[Event "Banja Luka"]
[Site "Banja Luka"]
[Date "1987.??.??"]
[Round "7"]
[White "Trepp, Markus"]
[Black "Matulovic, Milan"]
[Result "1/2-1/2"]
[WhiteElo "2405"]
[BlackElo "2485"]
[PlyCount "30"]
[EventDate "1987.04.??"]
[EventType "tourn"]
[EventRounds "13"]
[EventCountry "YUG"]
[EventCategory "7"]
[SourceTitle "EXT 1997"]
[Source "ChessBase"]
[SourceDate "1996.11.15"]
[SourceVersion "1"]
[SourceVersionDate "1996.11.15"]
[SourceQuality "1"]

1. e4 c5 2. Nf3 Nc6 3. d4 cxd4 4. Nxd4 Qc7 5. Nc3 e6 6. Ndb5 Qb8 7. a4 Nf6 8. Bd3 Be7 9. 0-0 0-0 10. Be3 a6 11. Nd4 Qc7 12. Kh1 d6 13. f4 Bd7 14. Qf3 Nxd4 15. Bxd4 Bc6 1/2-1/2

[Event "Banja Luka"]
[Site "Banja Luka"]
[Date "1987.??.??"]
[Round "9"]
[White "Trepp, Markus"]
[Black "Veroci, Zsuzsa"]
[Result "1/2-1/2"]
[WhiteElo "2405"]
[BlackElo "2415"]
[PlyCount "29"]
[EventDate "1987.04.??"]
[EventType "tourn"]
[EventRounds "13"]
[EventCountry "YUG"]
[EventCategory "7"]
[SourceTitle "EXT 1997"]
[Source "ChessBase"]
[SourceDate "1996.11.15"]
[SourceVersion "1"]
[SourceVersionDate "1996.11.15"]
[SourceQuality "1"]

1. e4 e5 2. Nf3 Nc6 3. Nc3 g6 4. Bc4 Bg7 5. d3 Nf6 6. 0-0 d6 7. h3 0-0 8. Be3 Na5 9. Qd2 Nxc4 10. dxc4 Be6 11. b3 b6 12. Bg5 Qd7 13. Rfe1 Nh5 14. Nd5 Rae8 15. Bh6 1/2-1/2

[Event "Prague Bohemians"]
[Site "Prague"]
[Date "1987.??.??"]
[Round "?"]
[White "Trepp, Markus"]
[Black "Zelic, Zdravko"]
[Result "1-0"]
[WhiteElo "2405"]
[BlackElo "2405"]
[PlyCount "31"]
[EventDate "1987.01.??"]
[EventType "tourn"]
[EventRounds "13"]
[EventCountry "CZE"]
[EventCategory "7"]
[SourceTitle "EXT 1997"]
[Source "ChessBase"]
[SourceDate "1996.11.15"]
[SourceVersion "1"]
[SourceVersionDate "1996.11.15"]
[SourceQuality "1"]

1. e4 c5 2. Nf3 e6 3. d4 cxd4 4. Nxd4 Nf6 5. Nc3 d6 6. Be3 Nc6 7. Bc4 a6 8. f4 d5 9. Bd3 Bb4 10. e5 Ne4 11. Nxc6 bxc6 12. Bxe4 dxe4 13. Qxd8+ Kxd8 14. 0-0-0+ Kc7 15. Nxe4 Bb7 16. Bc5 1-0

[Event "Olympiad-27"]
[Site "Dubai"]
[Date "1986.11.28"]
[Round "12"]
[White "Trepp, Markus"]
[Black "Miralles, Gilles"]
[Result "0-1"]
[WhiteElo "2380"]
[BlackElo "2405"]
[PlyCount "100"]
[EventDate "1986.11.15"]
[EventType "team-swiss"]
[EventRounds "14"]
[EventCountry "UAE"]
[SourceTitle "TD"]
[Source "ChessBase"]
[SourceDate "1994.03.01"]
[SourceVersion "1"]
[SourceVersionDate "1994.03.01"]
[SourceQuality "1"]
[WhiteTeam "Switzerland"]
[BlackTeam "France"]
[WhiteTeamCountry "SUI"]
[BlackTeamCountry "FRA"]

1. e4 e6 2. d4 d5 3. Nd2 c5 4. Ngf3 Nc6 5. Bb5 dxe4 6. Nxe4 Bd7 7. 0-0 Nxd4 8. Bg5 f6 9. Nxd4 cxd4 10. Bh4 Be7 11. c3 Kf8 12. Bxd7 Qxd7 13. cxd4 Nh6 14. Nc5 Qd5 15. Re1 e5 16. Qh5 Nf7 17. Nb3 g6 18. Qe2 g5 19. Bg3 Bb4 20. Red1 e4 21. Nc5 f5 22. a3 Bxc5 23. dxc5 Qe6 24. Bd6+ Kg7 25. Qb5 b6 26. Rd4 Rhe8 27. Re1 Rad8 28. Qb4 Kg6 29. Red1 f4 30. Bc7 Rxd4 31. Qxd4 bxc5 32. Qxc5 f3 33. Bg3 h5 34. Qd5 h4 35. Qxe6+ Rxe6 36. Bb8 a6 37. Ba7 Rc6 38. Be3 Rc2 39. Rb1 Ne5 40. b4 Nc4 41. gxf3 exf3 42. h3 Nxe3 43. fxe3 Rg2+ 44. Kh1 Kf5 45. a4 g4 46. Rf1 Rb2 47. hxg4+ Kxg4 48. Rg1+ Kh3 49. Rf1 Rh2+ 50. Kg1 Rg2+ 0-1

[Event "Olympiad-27"]
[Site "Dubai"]
[Date "1986.11.23"]
[Round "8"]
[White "Trepp, Markus"]
[Black "Garcia Palermo, Carlos H"]
[Result "0-1"]
[WhiteElo "2380"]
[BlackElo "2515"]
[PlyCount "84"]
[EventDate "1986.11.15"]
[EventType "team-swiss"]
[EventRounds "14"]
[EventCountry "UAE"]
[SourceTitle "TD"]
[Source "ChessBase"]
[SourceDate "1994.03.01"]
[SourceVersion "1"]
[SourceVersionDate "1994.03.01"]
[SourceQuality "1"]
[WhiteTeam "Switzerland"]
[BlackTeam "Argentina"]
[WhiteTeamCountry "SUI"]
[BlackTeamCountry "ARG"]

1. e4 c6 2. d4 d5 3. Nd2 dxe4 4. Nxe4 Bf5 5. Ng3 Bg6 6. Nf3 Nd7 7. Bd3 Ngf6 8. 0-0 e6 9. Re1 Be7 10. c4 0-0 11. Bxg6 hxg6 12. Qe2 a5 13. Bf4 a4 14. Ne5 Qa5 15. Nxd7 Nxd7 16. Ne4 Nf6 17. Bd6 Bxd6 18. Nxd6 Qb4 19. Qe5 Rad8 20. Qc5 Qxc5 21. dxc5 b6 22. b4 Rd7 23. h3 bxc5 24. bxc5 Ra7 25. Rab1 Nd7 26. Ne4 Rfa8 27. Rbd1 Kf8 28. Rd3 Ke7 29. Ra3 Rb8 30. Rf3 Nf6 31. Nxf6 gxf6 32. Rd3 Ra5 33. Red1 Rb7 34. Ra3 f5 35. g3 Rba7 36. Rb1 Rxc5 37. Rb4 Rca5 38. Kg2 Kd6 39. Rb8 Kc5 40. Rc8 Rd7 41. Re3 Ra6 42. Re2 Rb7 0-1

[Event "Olympiad-27"]
[Site "Dubai"]
[Date "1986.11.18"]
[Round "4"]
[White "Mateo, Ramon"]
[Black "Trepp, Markus"]
[Result "1/2-1/2"]
[WhiteElo "2395"]
[BlackElo "2380"]
[PlyCount "35"]
[EventDate "1986.11.15"]
[EventType "team-swiss"]
[EventRounds "14"]
[EventCountry "UAE"]
[SourceTitle "TD"]
[Source "ChessBase"]
[SourceDate "1994.03.01"]
[SourceVersion "1"]
[SourceVersionDate "1994.03.01"]
[SourceQuality "1"]
[WhiteTeam "Dominican Rep"]
[BlackTeam "Switzerland"]
[WhiteTeamCountry "DOM"]
[BlackTeamCountry "SUI"]

1. e4 c5 2. Nf3 Nc6 3. Nc3 d6 4. d4 cxd4 5. Nxd4 Nf6 6. Bg5 e6 7. Qd2 Be7 8. 0-0-0 Nxd4 9. Qxd4 0-0 10. h4 h6 11. Bd2 e5 12. Qe3 Be6 13. Be2 Qc7 14. Qg3 Kh8 15. Bg5 Rac8 16. Bxf6 Bxf6 17. Bd3 Qa5 18. Qf3 1/2-1/2

[Event "Olympiad-27"]
[Site "Dubai"]
[Date "1986.11.17"]
[Round "3"]
[White "Trepp, Markus"]
[Black "Long, Peter"]
[Result "1/2-1/2"]
[WhiteElo "2380"]
[BlackElo "2250"]
[PlyCount "28"]
[EventDate "1986.11.15"]
[EventType "team-swiss"]
[EventRounds "14"]
[EventCountry "UAE"]
[SourceTitle "TD"]
[Source "ChessBase"]
[SourceDate "1994.03.01"]
[SourceVersion "1"]
[SourceVersionDate "1994.03.01"]
[SourceQuality "1"]
[WhiteTeam "Switzerland"]
[BlackTeam "Malaysia"]
[WhiteTeamCountry "SUI"]
[BlackTeamCountry "MAS"]

1. e4 c6 2. d4 d5 3. Nd2 dxe4 4. Nxe4 Nf6 5. Nxf6+ gxf6 6. Nf3 Bf5 7. Bd3 Bg6 8. 0-0 Qc7 9. c4 Nd7 10. d5 0-0-0 11. Nd4 e5 12. Nf5 Nc5 13. Bc2 e4 14. Ng3 f5 1/2-1/2

[Event "Biel U20"]
[Site "Biel"]
[Date "1986.08.01"]
[Round "11"]
[White "Trepp, Markus"]
[Black "Csom, Istvan"]
[Result "1-0"]
[WhiteElo "2380"]
[BlackElo "2505"]
[PlyCount "137"]
[EventDate "1986.07.20"]
[EventType "tourn"]
[EventRounds "11"]
[EventCountry "SUI"]
[EventCategory "7"]
[SourceTitle "MCL"]
[Source "ChessBase"]
[SourceDate "1999.07.01"]
[SourceVersion "1"]
[SourceVersionDate "1999.07.01"]
[SourceQuality "1"]

1. e4 c5 2. Nf3 d6 3. d4 cxd4 4. Nxd4 Nf6 5. Nc3 Nc6 6. Bg5 Bd7 7. Nb3 a6 8. f4 e6 9. Qd3 h6 10. Bh4 g5 11. fxg5 Nh5 12. Qd2 Be7 13. Bf2 hxg5 14. Na4 Ne5 15. Nb6 Ng3 16. Bxg3 Qxb6 17. 0-0-0 Qc7 18. Kb1 b5 19. Nd4 Rc8 20. Bd3 Qb7 21. Rhf1 Rc7 22. Qf2 Rh7 23. Bxe5 dxe5 24. Nf3 f6 25. h4 gxh4 26. Nxh4 Rg7 27. Qf3 Rg5 28. Qh3 Rh5 29. Qg4 Rg5 30. Qh3 Rh5 31. Be2 Rh8 32. Qg4 Qc6 33. Bd3 Qc5 34. Ng6 Rg8 35. Qh5 Kd8 36. Qh7 Re8 37. Qh6 Kc8 38. Nxe7+ Qxe7 39. Rxf6 Kb8 40. g4 Qc5 41. Qd2 Bc8 42. g5 Rg8 43. g6 Rcg7 44. Qh6 a5 45. Be2 a4 46. a3 b4 47. axb4 Qxb4 48. Qg5 Qa5 49. Qg3 Rb7 50. Qa3 Rb4 51. Bg4 Rg7 52. c3 Rb3 53. Qd6+ Rc7 54. Rf7 Rxb2+ 55. Ka1 Rbb7 56. Rxc7 Rxc7 57. Qb4+ Qxb4 58. cxb4 Rg7 59. Bh5 Bd7 60. Rf1 Kc7 61. Rf7 Rg8 62. g7 Kd6 63. Bg6 Be8 64. Rf8 Rxg7 65. Bxe8 Rg4 66. Rf7 Rg8 67. Bb5 Rg1+ 68. Ka2 Rg2+ 69. Kb1 1-0

[Event "Biel U20"]
[Site "Biel"]
[Date "1986.07.23"]
[Round "4"]
[White "Trepp, Markus"]
[Black "De Firmian, Nick E"]
[Result "0-1"]
[WhiteElo "2380"]
[BlackElo "2490"]
[PlyCount "72"]
[EventDate "1986.07.20"]
[EventType "tourn"]
[EventRounds "11"]
[EventCountry "SUI"]
[EventCategory "7"]
[SourceTitle "MCL"]
[Source "ChessBase"]
[SourceDate "1999.07.01"]
[SourceVersion "1"]
[SourceVersionDate "1999.07.01"]
[SourceQuality "1"]

1. e4 c5 2. Nf3 d6 3. d4 cxd4 4. Nxd4 Nf6 5. Nc3 a6 6. Be3 e5 7. Nf3 Be7 8. Bc4 Be6 9. Bxe6 fxe6 10. Ng5 Qd7 11. Qf3 d5 12. exd5 exd5 13. 0-0-0 d4 14. Nce4 0-0 15. Bd2 Nc6 16. Qd3 Nxe4 17. Nxe4 b5 18. h4 Qd5 19. Kb1 h6 20. c3 Rad8 21. cxd4 exd4 22. f4 Bb4 23. g3 Bxd2 24. Nxd2 Qxa2+ 25. Kxa2 Nb4+ 26. Kb3 Nxd3 27. Ne4 Rfe8 28. Rxd3 Rxe4 29. Rhd1 Kf7 30. Kc2 Ke6 31. Ra1 Rd6 32. Kd2 Kd5 33. Rda3 Rde6 34. Rxa6 Re2+ 35. Kd1 Re1+ 36. Kd2 R6e2+ 0-1